Planned preventative maintenance (Record no. 121933)
[ view plain ]
| 000 -LEADER | |
|---|---|
| fixed length control field | 01841nam a22002537a 4500 |
| 008 - FIXED-LENGTH DATA ELEMENTS--GENERAL INFORMATION | |
| fixed length control field | 240520t2022 xxk|||||o|||| 00| 0 eng d |
| 020 ## - INTERNATIONAL STANDARD BOOK NUMBER | |
| ISBN | 9781783214716 |
| 041 ## - LANGUAGE CODE | |
| Language code of text/sound track or separate title | eng |
| 100 ## - MAIN ENTRY--PERSONAL NAME | |
| Personal author | Tagg, Adrian |
| 110 ## - MAIN ENTRY--CORPORATE NAME | |
| Corporate author | Royal Institution of Chartered Surveyors |
| 245 ## - TITLE STATEMENT | |
| Title | Planned preventative maintenance |
| Subtitle | RICS professional standard, global |
| Medium | [Electronic resource] |
| 260 ## - PUBLICATION INFORMATION | |
| Place of publication | London, |
| Publisher | Royal Institution of Chartered Surveyors, |
| Date | 2022 |
| 500 ## - GENERAL NOTE | |
| General note | This document was reissued in April 2023 as a professional standard. It had previously been published in January 2022 as a guidance note. The regulatory requirements remain the same and no material changes have been made to the document |
| 520 ## - ABSTRACT | |
| Abstract | This professional standard has global application to both commercial and residential property, and is an essential addition to the suite of documents produced by RICS in relation to building surveying and health and safety. It sets out the general principles that should be adopted when undertaking a planned preventative maintenance (PPM) survey and report for built assets, and provides RICS members, regulated firms and their clients with a source of best practice. Its focus is on PPM reports for built assets (the type a building surveyor would undertake), rather than the type of planned maintenance reports for MEPF asset/component replacement an MEPF engineer or facilities manager might undertake. |
| 520 ## - ABSTRACT | |
| Abstract | Effective from 1 April 2022 |
| 650 ## - KEYWORDS | |
| Keywords | COMMERCIAL PROPERTY |
| 650 ## - KEYWORDS | |
| Keywords | PLANNED PREVENTATIVE MAINTENANCE |
| 650 ## - KEYWORDS | |
| Keywords | RESIDENTIAL PROPERTY |
| 651 ## - SUBJECT ADDED ENTRY--GEOGRAPHIC NAME | |
| Geographic name | International |
| 690 ## - BROAD SUBJECT | |
| Broad subject | Building surveying |
| 9 (RLIN) | 6225 |
| 710 ## - ADDED CORPORATE NAME | |
| Added corporate author | Royal Institution of Chartered Surveyors |
| 856 ## - ONLINE RESOURCE | |
| Uniform Resource Identifier | <a href="https://www.rics.org/content/dam/ricsglobal/documents/standards/PPM_June_2022.pdf">https://www.rics.org/content/dam/ricsglobal/documents/standards/PPM_June_2022.pdf</a> |
| Public note | Available free on RICS.org |
| 942 ## - ADDED ENTRY ELEMENTS (KOHA) | |
| Suppress in OPAC | Do not suppress in OPAC |
| Lost status | Damaged status | Not for loan | Current library | Shelving location | Date acquired | Total Checkouts | Full call number | Date last seen | Price effective from | Koha item type |
|---|---|---|---|---|---|---|---|---|---|---|
| Virtual | Online | 20/05/2024 | ONLINE PUBLICATION | 20/05/2024 | 20/05/2024 | Online material |